Oratio in funere I.D.D.D. Joseph Gregorij Alfonsi de Ortigosa Episcopi olim Antequerensis in Indijs Occidentalibus habita in templo maximo ejusdem civitatis Kalend. decemb. an. Dom. MDCCICVI a D.D. Ignatio Mariano de Vasconzelos & Vallarta, Eximij D. Paulo Sacrati Collegij Angelopolitani Emerito, ac praefatae Ecclesiae Antequerensis Canonico

Detalles Bibliográficos
Autor principal: Vasconcelos y Vallarta, Ignacio Mariano de
Formato: Libro
Lenguaje:Undetermined
Latin
Publicado: s.l. : in typographia viduae D. Sebastiani de Arevalo, 17--.
Materias:
Colección:Banco de datos
Acervo:Biblioteca Palafoxiana. Colección bibliográfica
Descripción Física:27 p. ; 4°
Tema general:Homilética
Notas:Número de localización: 15642-I
LEADER 00897nam a2200181Ia 4500
008 150723s9999 xx 000 0 und d
041 0 |a lat 
050 0 |a PAFX BV4207 A5 
100 1 |a Vasconcelos y Vallarta, Ignacio Mariano de 
245 1 0 |a Oratio in funere I.D.D.D. Joseph Gregorij Alfonsi de Ortigosa Episcopi olim Antequerensis in Indijs Occidentalibus habita in templo maximo ejusdem civitatis Kalend. decemb. an. Dom. MDCCICVI a D.D. Ignatio Mariano de Vasconzelos & Vallarta, Eximij D. Paulo Sacrati Collegij Angelopolitani Emerito, ac praefatae Ecclesiae Antequerensis Canonico 
260 |a s.l. : in typographia viduae D. Sebastiani de Arevalo, 17--. 
300 |a 27 p. ; 4° 
500 |a Número de localización: 15642-I 
501 |a Encuadernado con 16 obras 
650 1 0 |a Homilética 
942 |c PALALIB 
943 |g Biblioteca Palafoxiana. Colección bibliográfica 
999 |c 1054592  |d 1054592